| 000 | 00607nam a22001937a 4500 | ||
|---|---|---|---|
| 999 |
_c19914 _d19914 |
||
| 003 | AR-CdUCM | ||
| 008 | 190523b ||||| |||| 00| 0 spa d | ||
| 040 |
_aMUNICIPALIDAD PROVINCIAL DEL CUSCO _cBIBLIOTECA MUNICIPAL DEL CUSCO |
||
| 082 |
_a869.56 / _bV33 |
||
| 100 |
_aVarillas Velasquez, Miguel Antonio _941628 |
||
| 245 |
_aEl piurano universal : _bAntología de poetas Piuranos / |
||
| 260 |
_aPiura : _bCydes, _c1994. |
||
| 300 |
_a236 páginas ; _c23 cm. |
||
| 505 | _aContenido : Poemas. | ||
| 650 |
_aAntologías _91326 |
||
| 650 |
_aPoemas a Grau _941629 |
||
| 942 |
_2ddc _cLIBROS |
||
| 945 | _arcc | ||